000 00459nam a2200169Ia 4500
999 _c860
_d860
003 OSt
005 20210916134828.0
008 190216s9999||||xx |||||||||||||| ||und||
040 _coclc
082 _a892.7
_bHAM/M
100 _aHamud, Muhamed
_98717
245 0 _aMihail Nuaima Adeeba /
_cMuhamed Hamud
260 _bDarul Fikr,
_c2008.
_aLabanan:
300 _a175p
650 _aArabic
942 _cBK
_2ddc
_h892.7
_iHAM/M
_k892.7
_mHAM/M